00422nam a2200157Ia 4500003000400000005001700004008004100021020001800062040002900080050002700109100002000136245002900156260003800185300002700223650001400250OSt20230323113153.0230104s9999||||xx |||||||||||||| ||und|| a0-471-22100-7 cChuka University Library aBSL HG 4026 bS33 2002 aSchaeffer, H.A. 0aEssentials of cash flow/ aJohn wiley and sonbHOBOKENc2002 a232 P.bIncludes index acash flow